000 01045nam a2200277Ia 4500
003 OSt
005 20221005105551.0
006 a|||||r|||| 00| 0
007 ta
008 221004b |||||||| |||| 00| 0 hin d
020 _a9788183612081 (pbk)
_c150
024 _a1478
037 _b362, 01/12/2011, Independent Publishers Group
_cTextual
040 _aCRL
_cCRL
_bhin
041 _2hin
_ahin
082 _aO152,1J32:g, P8
100 _aउदयभानु सिंह, ले.
245 0 _aतुलसी - काव्य - मीमांसा
246 _aTulasī - kāvya - mīmāansā
260 _aनई दिल्ली
_bराधाकृष्ण प्रकाशन भारत
_c2008
300 _a441पृ0
_ccm.
650 _a हिन्दी साहित्य
650 _aहिन्दी कविता
942 _hO152,1J32:g, P8
_cTEXL
_2cc
999 _c1016187
_d1016187